00350 a2200145 450000100060000002000180000604000240002410000250004824000380007324500330011130000070014436200090015144000130016065000310017314864 a9788526292352 cAnchieta - Aquarius aDieterlé, Nathalie10aZekeyê e os olhos da noitelpor10aZekeyê e os olhos da noite a370 a2013 1aScipione 4aLiteratura infanto-juvenil